000 00303nam a22001337a 4500
008 170301b xxu||||| |||| 00| 0 eng d
020 _a9781569243329
041 _aeng
080 _a616.8-006
100 _a6
101 _aSHM
245 _aTHE CANCER SURVIVOR'S GUIDE
_cFEUERSTEIN, M
942 _2udc
_cBK
999 _c6452
_d6452